000 00634pam a2200229 a 4500
020 _c350.00 (Hard Cover)
040 _aDental College Lib
041 _aeng
_h
082 _a617.692
_bELL
100 _aEllinger, Charles W.
245 _aSynopsis of Complete Denture /
_c.
_hTextual Documents
250 _a1st ed /
_b.
260 _aPhiladelphia :
_blea & Febiger ,
_c1975.
300 _a362 ;
_c.
365 _a350.00
653 _aProsthodontics
700 _aRayson, Jack H.
_aTerry, James M.
_aRahn, Arthur O.
907 _a0832
930 _a1013
999 _c40416
_d40416